| 000 | 00425nam a22001217a 4500 | ||
|---|---|---|---|
| 082 | _a220 PRO | ||
| 100 |
_aNS ATIYA NISAR NS KHADIJA AKBAR SHAH NS FATIMA SHAHBAZ _971264 |
||
| 245 | _aPR-SOF-1752-E Shoe For Visually impaired people | ||
| 260 |
_aISLAMABAD _bNUST COLLEGE OF EME _c2018 |
||
| 650 |
_aDE-ELECT-36 DECLASS _971265 |
||
| 700 |
_a SUPERVISOR Dr.Tahir Zaidi C0-SUPERVISOR Dr.Qaiser Chaudhary _971266 |
||
| 942 | _cCR | ||
| 999 |
_c577880 _d577880 |
||